Statistics for Utah Cities A-Z

Click here to take the quiz!

General Stats

  • This quiz has been taken 51 times
    (26 since last reset)
  • The average score is 11 of 19

Answer Stats

PopulationMunicipality or CDP% Correct
N21,907North Salt Lake
100%
S199,723Salt Lake City
100%
P115,162Provo
87%
L81,773Layton
83%
O98,129Orem
83%
W140,230West Valley City
74%
A33,337American Fork
57%
B45,762Bountiful
57%
D51,017Draper
57%
T60,448Taylorsville
57%
C35,235Cedar City
43%
H55,144Herriman
43%
R45,285Riverton
43%
E43,623Eagle Mountain
39%
F24,531Farmington
39%
K36,723Kearns
39%
M63,380Millcreek
39%
V12,543Vineyard
26%
G12,617Grantsville
13%

Score Distribution

Percentile by Number Answered

Percent of People with Each Score

Your Score History

You have not taken this quiz since the last reset